000 00368nam a2200145Ia 4500
008 151213s9999 xx 000 0 und d
100 _aIsadare Martiar
245 _aThe Laws of the Wildernessor
_cIsadare Martiar
260 _aLondon
_bSamerson Low Mastor
300 _a4489 p.
650 _aScience
650 _aSconce
700 _aIsadare Martiar
999 _c2864
_d2864